000
00255nam a2200109Ia 4500
008
190216s9999||||xx |||||||||||||| ||und||
100
_a
Ren Warner
245
0
_a
Men And Gods
260
_b
Heinemann Educational Books Ltd
650
_a
English
942
_c
BK
999
_c
12425
_d
12425